| 000 | 00706nam a2200229 a 4500 | ||
|---|---|---|---|
| 001 | BRCA_2640 | ||
| 005 | 20190320203913.0 | ||
| 008 | 011208s1914----enka---###---#000-0#eng-u | ||
| 050 | 4 |
_aNE2135 _b.S25 1914 |
|
| 100 | 1 |
_aSalaman, Malcolm Charles _97508 |
|
| 245 | 1 | 0 |
_aThe Great painter-etchers from Rembrandt to Whistler _cby Malcolm C. Salaman ; ed. by Charles Holme. |
| 260 |
_aLondon _bThe Studio _c1914 |
||
| 300 |
_a264 p. _bil. _c30 cm. |
||
| 500 | _aIncluye índice de ilustraciones. | ||
| 500 | _aA83 | ||
| 650 | 1 | 4 |
_aAguafuertes _97433 |
| 650 | 1 | 4 |
_aAguafuertistas _97509 |
| 700 | 1 |
_aHolme, Charles _d1848-1923 _eed. _97510 |
|
| 700 | 1 |
_aPainter-etchers _97511 |
|
| 902 | _aGFM | ||
| 942 |
_2lcc _cB |
||
| 999 |
_c2380 _d2380 |
||